000 00719nam a22002297a 4500
003 UA-OsUOA
001 74902
007 ta
008 20110421b un ||||| |||| 00| 0 ukr d
100 _aКучерук О.
090 _a323(477)(092)
_bК95
942 _cBK
040 _aUA-OsUOA
_bukr
_cUA-OsUOA
_dUA-OsUOA
245 _aВолодимир Винниченко: сторінки державно-політичної діяльності
_bдо 130-ліття державно-політичної діяльності
300 _a10 с.
955 _a2
041 _aukr
080 _a323(477)(092)
260 _aК.
_bТОВ "Грета"
_c2010
650 7 _a32 Політика
_2UDC
999 _c361197
_d361197